3 Biggest Cities in each Region of Timor-Leste - Statistics

General Stats
  • This quiz has been taken 14 times
  • The average score is 5 of 42
Answer Stats
Region + Rank Population City % Correct
Dili 1 324,590 Dili
100%
Baucau 1 23,018 Baucau
67%
Liquiçá 1 30,473 Liquiçá
67%
Aileu 1 3,180 Aileu
50%
Ainaro 1 4,085 Ainaro
50%
Ermera 2 3,815 Ermera
50%
Manatuto 1 10,095 Manatuto
50%
Viqueque 1 6,179 Viqueque
50%
Bobonaro 2 1,633 Aidabalaten
0%
Manatuto 2 1,426 Aubeon
0%
Bobonaro 3 924 Balibo
0%
Atauro 3 502 Beloi
0%
Manufahi 3 1,811 Betano
0%
Ainaro 3 610 Cassa
0%
Ermera 1 13,806 Gleno
0%
Dili 2 8,201 Hera
0%
Lautém 3 889 Iliomar
0%
Cova Lima 3 1,227 Kasabank
0%
Manatuto 3 1,182 Laclo
0%
Oecusse 2 2,910 Lalisuc
0%
Ermera 3 1,707 Letefoho
0%
Lautém 1 15,685 Lospalos
0%
Bobonaro 1 21,605 Maliana
0%
Cova Lima 2 1,491 Mape
0%
Liquiçá 3 1,303 Maubara
0%
Ainaro 2 1,403 Maubisse
0%
Lautém 2 1,054 Mehara
0%
Dili 3 5,448 Metinaro
0%
Viqueque 2 1,355 Ossu
0%
Atauro 2 816 Pala Biqueli
0%
Oecusse 1 25,141 Pante Macassar
0%
Oecusse 3 2,240 Passabe
0%
Aileu 3 1,017 Remexio
0%
Manufahi 1 7,702 Same
0%
Aileu 2 1,160 Seloi Craic
0%
Cova Lima 1 11,529 Suai
0%
Liquiçá 2 4,266 Tibar
0%
Manufahi 2 2,059 Turiscai
0%
Viqueque 3 1,137 Uaitame
0%
Baucau 2 1,266 Vemasse
0%
Baucau 3 1,109 Venilale
0%
Atauro 1 1,394 Vila
0%
No matching quizzes found
Score Distribution
Percent of People with Each Score
Percentile by Number Answered
Your Score History
You have not taken this quiz